| 000 | 00511nam a2200181Ia 4500 | ||
|---|---|---|---|
| 003 | OSt | ||
| 005 | 20250205121142.0 | ||
| 008 | 210210b1965 xxu||||| |||| 00| 0 eng d | ||
| 040 | _cAL | ||
| 041 | _akan | ||
| 082 | _a859/987 | ||
| 100 |
_aNADIGERA KRASHNARAYA _9145659 _dನಾಡಿಗೇರ ಕೃಷ್ಣರಾಯ. |
||
| 245 |
_aGana nandini: _bಗಾನನಂದಿನಿ |
||
| 260 |
_aBengaluru _bDarshana Prakashana _c1965 |
||
| 690 |
_aKannada Fiction _9145660 |
||
| 906 | _a021736 | ||
| 942 |
_2ddc _cBK |
||
| 999 |
_c145836 _d145836 |
||